|
|
|
|
| LEADER |
01579cas a2200241 a 4500 |
| 001 |
AALejournalIMF005173 |
| 008 |
230101c9999 xx r poo 0 0eng d |
| 020 |
|
|
|c 5.00 USD
|
| 020 |
|
|
|z 9781451836851
|
| 022 |
|
|
|a 1934-7685
|
| 040 |
|
|
|a BD-DhAAL
|c BD-DhAAL
|
| 110 |
2 |
|
|a International Monetary Fund.
|
| 245 |
1 |
0 |
|a Thailand :
|b Selected Issues.
|
| 264 |
|
1 |
|a Washington, D.C. :
|b International Monetary Fund,
|c 2008.
|
| 300 |
|
|
|a 1 online resource (43 pages)
|
| 490 |
1 |
|
|a IMF Staff Country Reports
|
| 500 |
|
|
|a <strong>Off-Campus Access:</strong> No User ID or Password Required
|
| 500 |
|
|
|a <strong>On-Campus Access:</strong> No User ID or Password Required
|
| 506 |
|
|
|a Electronic access restricted to authorized BRAC University faculty, staff and students
|
| 520 |
3 |
|
|a To estimate the New Keynesian model, we use four key macroeconomic series for Thailand. The priors are chosen to reflect general considerations of the appropriate model dynamics and our judgment about the Thai economy. The model is solved initially so that the baseline forecast replicates staff baseline projections over the medium term. We analyze two main risk scenarios, and estimate that the output in Thailand may decline by up to 0.9 percent relative to the baseline. However, the adverse impact on Thai output is likely to be smaller than suggested above.
|
| 538 |
|
|
|a Mode of access: Internet
|
| 830 |
|
0 |
|a IMF Staff Country Reports; Country Report ;
|v No. 2008/194
|
| 856 |
4 |
0 |
|z Full text available on IMF
|u http://elibrary.imf.org/view/journals/002/2008/194/002.2008.issue-194-en.xml
|z IMF e-Library
|